000 00392nam a2200157Ia 4500
008 240729s9999 xx 000 0 und d
022 _a2772-4220
245 0 _aJournal of Ionic Liquids
260 _aNetherlands
260 _bElsevier
650 _a Chemistry
650 _aScience
856 _uhttps://doaj.org/toc/59dca5bc0ebc4b95887e3e38f18ed872
942 _2ddc
942 _cDOAJEJ
999 _c69635
_d69635
945 _a1
_bMadushi Gamage
_c1
_dMadushi Gamage